[Event "Campeonato de España Individual Femenino"]
[Site "Padron"]
[Date "2011.08.06"]
[Round "7"]
[White "Suarez Sanchez De la, Esperanza"]
[Black "Cucarella Montell, Angels"]
[Result "1-0"]
[WhiteElo "1795"]
[BlackElo "1938"]
[PlyCount "127"]
[EventDate "2011.08.01"]
[EventRounds "7"]
[EventCountry "ESP"]

1. e4 c5 2. Nf3 a6 3. d4 cxd4 4. Nxd4 Nf6 5. Nc3 e5 6. Nb3 Bb4 7. Bg5 Qc7 8.
Bxf6 Bxc3+ 9. bxc3 Qxc3+ 10. Qd2 Qxd2+ 11. Nxd2 gxf6 12. Nc4 Nc6 13. Nd6+ Kf8
14. Bc4 Nd4 15. O-O-O b5 16. Bd5 Rb8 17. g3 Ke7 18. Nxf7 Rf8 19. c3 Ne6 20. Nh6
Ng7 21. g4 Bb7 22. Rhg1 Bxd5 23. Rxd5 Rbc8 24. Nf5+ Nxf5 25. gxf5 Rxc3+ 26. Kd2
Rc7 27. Rg7+ Rf7 28. Rg3 Rc6 29. h4 Rd6 30. Rxd6 Kxd6 31. h5 Ke7 32. h6 Kf8 33.
Ra3 d5 34. Rxa6 Rd7 35. Rxf6+ Kg8 36. Re6 dxe4+ 37. Ke3 Ra7 38. Rxe5 Ra3+ 39.
Kxe4 Ra4+ 40. Ke3 Ra3+ 41. Kf4 Rxa2 42. Rxb5 Rxf2+ 43. Kg5 Rh2 44. Rb7 Ra2 45.
Re7 Ra8 46. Kf6 Ra6+ 47. Re6 Ra8 48. Rd6 Rf8+ 49. Ke7 Ra8 50. f6 Ra7+ 51. Ke6
Ra8 52. Rd7 Kf8 53. Rxh7 Ra6+ 54. Kf5 Ra1 55. Rh8+ Kf7 56. Rh7+ Kf8 57. Rg7
Rf1+ 58. Ke5 Re1+ 59. Kd4 Rd1+ 60. Ke3 Re1+ 61. Kd2 Re6 62. h7 Rd6+ 63. Kc3
Rc6+ 64. Kd4 1-0

[Event "Campeonato de España Individual Femenino"]
[Site "Padron"]
[Date "2011.08.06"]
[Round "7"]
[White "Sanchez Gabin, Aranzazu"]
[Black "Beltran Ortiz, Edda Georgina"]
[Result "0-1"]
[WhiteElo "1724"]
[BlackElo "1877"]
[PlyCount "118"]
[EventDate "2011.08.01"]
[EventRounds "7"]
[EventCountry "ESP"]

1. Nf3 Nf6 2. c4 c5 3. g3 Nc6 4. d4 cxd4 5. Nxd4 g6 6. Bg2 Bg7 7. Nc3 O-O 8.
O-O Qb6 9. Nb3 d6 10. Nd5 Nxd5 11. cxd5 Ne5 12. Be3 Qb4 13. Bd2 Qb6 14. Bc3 Bd7
15. Nd2 Bb5 16. a4 Bd7 17. Ra3 Rac8 18. Qb3 Qa6 19. Re1 Rc7 20. Bf1 b6 21. Rea1
Rfc8 22. e3 Qb7 23. Bb5 a6 24. Bf1 Bg4 25. h3 Nf3+ 26. Nxf3 Bxf3 27. Bg2 Bxg2
28. Kxg2 Bxc3 29. bxc3 Rxc3 30. Qd1 Rxa3 31. Rxa3 Rc5 32. Rd3 Rc4 33. Rd4 Rxd4
34. Qxd4 b5 35. axb5 axb5 36. h4 h5 37. e4 b4 38. Qb2 b3 39. Kh3 Qb4 40. f3 Qc4
41. e5 Qxd5 42. exd6 exd6 43. Qc3 Qf5+ 44. g4 Qc2 45. Qe3 hxg4+ 46. fxg4 Qb2
47. Qe8+ Kg7 48. h5 Qc3+ 49. Kg2 Qd2+ 50. Kh3 gxh5 51. gxh5 Qd3+ 52. Kg2 Qd2+
53. Kh3 b2 54. Qe4 Qc1 55. Qd4+ Kg8 56. Qg4+ Kf8 57. Qd4 b1=Q 58. Qxd6+ Kg7 59.
Qe5+ Kh7 0-1

[Event "Campeonato de España Individual Femenino"]
[Site "Padron"]
[Date "2011.08.06"]
[Round "7"]
[White "Martin Morientes, Marta"]
[Black "Juanes Garcia, Olaya"]
[Result "1/2-1/2"]
[WhiteElo "1593"]
[BlackElo "1735"]
[PlyCount "64"]
[EventDate "2011.08.01"]
[EventRounds "7"]
[EventCountry "ESP"]

1. e4 e6 2. d4 d5 3. exd5 exd5 4. Bd3 Bd6 5. Nf3 Ne7 6. O-O Bg4 7. c3 Nbc6 8.
Nbd2 Qd7 9. b4 h5 10. Re1 O-O-O 11. b5 Na5 12. Qa4 b6 13. Ba3 Kb8 14. Bxd6 cxd6
15. Qc2 Rh6 16. Re2 Rf6 17. Rae1 Ng8 18. a4 g6 19. Re3 Rc8 20. Kf1 Kb7 21. Kg1
Qc7 22. Be2 Kb8 23. Bf1 Re6 24. Rxe6 Bxe6 25. Ng5 Bf5 26. Bd3 Bxd3 27. Qxd3 f6
28. Ne6 Qxc3 29. Qxc3 Rxc3 30. Nf4 Rc2 31. Nf1 Rc8 32. Nxg6 Nb3 1/2-1/2

[Event "Campeonato de España Individual Femenino"]
[Site "Padron"]
[Date "2011.08.06"]
[Round "7"]
[White "Moran Garcia, Aida"]
[Black "Garcia Rodriguez, Sara"]
[Result "0-1"]
[WhiteElo "1663"]
[BlackElo "1926"]
[PlyCount "76"]
[EventDate "2011.08.01"]
[EventRounds "7"]
[EventCountry "ESP"]

1. d4 Nf6 2. c4 g6 3. Nc3 Bg7 4. Nf3 d6 5. e4 O-O 6. Be2 e5 7. dxe5 dxe5 8.
Qxd8 Rxd8 9. Bg5 Re8 10. Rd1 c6 11. Nxe5 Nxe4 12. Nxe4 Bxe5 13. Bf6 Nd7 14.
Bxe5 Rxe5 15. Nd6 Nf6 16. Nxc8 Rxc8 17. Rd2 Rce8 18. f3 Nh5 19. Kf2 Nf4 20. Bd1
Re3 21. b3 Nd3+ 22. Kg3 Nc5 23. Kf2 Rd3 24. Rxd3 Nxd3+ 25. Kg3 Nc1 26. a3 Re3
27. Kf2 Rc3 28. b4 Rxc4 29. Re1 Nd3+ 30. Kf1 Nxe1 31. Kxe1 Rc3 32. a4 Rc4 33.
b5 Rb4 34. bxc6 bxc6 35. a5 Rb1 36. Kd2 Ra1 37. Kc3 Rxa5 38. Kb4 Ra2 0-1

[Event "Campeonato de España Individual Femenino"]
[Site "Padron"]
[Date "2011.08.06"]
[Round "7"]
[White "Laseca Arana, Irati"]
[Black "Acebal Muniz, Maria Concepcion"]
[Result "1-0"]
[WhiteElo "1478"]
[BlackElo "1253"]
[PlyCount "59"]
[EventDate "2011.08.01"]
[EventRounds "7"]
[EventCountry "ESP"]

1. e4 e5 2. Nf3 Nc6 3. Bb5 a6 4. Ba4 Nf6 5. O-O Be7 6. Re1 b5 7. Bb3 O-O 8. a3
d6 9. d4 Bg4 10. dxe5 Nxe5 11. Nbd2 c5 12. h3 Be6 13. Nxe5 Bxb3 14. Nc6 Bxc2
15. Qxc2 Qc7 16. Nxe7+ Qxe7 17. Nf1 d5 18. Bg5 Qe5 19. Bxf6 Qxf6 20. exd5 Qd6
21. Rad1 a5 22. Ng3 Rfc8 23. Qe4 h6 24. Nf5 Qf6 25. Ne7+ Kf8 26. Nxc8 Rxc8 27.
d6 Qxb2 28. d7 Ra8 29. d8=Q+ Rxd8 30. Rxd8# 1-0